000 00325nam a2200109Ia 4500
008 160531s9999 xx 000 0 und d
100 _aSaad, Yousef.
245 _aNumerical Methods for Large Eigenvalue Problems
245 _cby Yousef Saad
260 _c2011
856 _uhttp://www-users.cs.umn.edu/~saad/eig_book_2ndEd.pdf
999 _c295152
_d295152